000 01555nam a2200385 c 4500
999 _c157828
_d157828
003 BLK
005 20250621135702.0
008 180410b bul|||||r ||||||| ||bul||
010 _aKNG00164779000
020 _a978-954-01-2756-9
040 _aBLK
041 _aBUL
_cBUL
072 7 _2bullib
_aН80
_xЕзикознание Н
080 _aБългарски език
_b811.163.2
_x(076)(075.3)
_z811.163.2(076)(075.3)
100 1 _aСтанчева, Руска Събева
_eпърви автор
_9378165
139 _aСтанчева, Руска Събева и др.
_bС 70
245 1 0 _aБългарският език в правила и задачи
_bЗа гимназисти и зрелостници
_cРуска Събева Станчева; съавт. Весела Василева Михайлова.
257 _aBGR
260 _bПросвета
_c2013
_fСофия : Воен. изд.
300 _a88 с.
_c24 см
380 _a80
650 4 _aБългарски език - учебници за средни училища
_9246721
653 _aбългарски език
653 _aучебни помагала
653 _aсредно образование
659 _aН
700 1 _aМихайлова, Весела Василева
_997747
852 _aЦб 270721
856 4 _qpdf
856 4 _qpdf
942 _cKNG
_n0
_s1
_03
944 _aCR
_c05.09.2014
_k30534
_lРадостина Карадакова
944 _aED
_c27.04.2015
_kГеновева_Генчева
999 _d157828